000 01873cam a22005534i 4500
003 PE-LiUPU
005 20250731165508.0
008 171024s2007 mx r 001 0 spa d
020 _a9789682479601
035 _a(Sirsi) a239870
040 _aPE-LiUPU
_bspa
_cPE-LiUPU
_erda
049 _aPRUA
082 0 4 _a001.42
_bS85
_220
100 1 _aSuárez-Iñiguez, Enrique,
_eautor.
245 1 0 _aCómo hacer la tesis :
_bla solución a un problema /
_cEnrique Suárez- Iñiguez.
250 _aSegunda edición.
264 1 _aMéxico :
_bTrillas,
_c2007.
300 _a83 páginas ;
_c23 centímetros
336 _atext
_2rdacontent
337 _aunmediated
_2rdamedia
338 _avolume
_2rdacarrier
504 _aIndice : páginas 79-83.
505 0 _a¿Debe existirla tesis en licenciatura? -- ¿Por qué no se hace la tesis? -- ¿Qué es una tesis? -- ¿Cómo hacer la tesis? el diseño, 39 -- ¿Cómo hacer la tesis? el desarrollo, 57.
526 _aSEG44
526 _aSEG26
526 _aP151
526 _aP150
526 _aP149
526 _aP146
526 _aP145
526 _aP126
526 _aP125
526 _aP92
526 _aP75
526 _aP74
526 _aP27
526 _aP15
526 8 _iPrograma academico :
_5PE-LiUPU
541 _g0001-0042199
650 0 4 _aTesis - Manuales.
650 0 4 _aInvestigación - Metodología.
650 0 4 _aThesis - Manuals.
650 0 4 _aResearch - Methodology.
910 _adbm
_bncf
_cncf
_d20171024
942 _2ddc
_cBOOK
994 _aC0
_bPEPRU
596 _a1
999 _a001.42 S85
_wDEWEY
_c25538
_i76829
_d25538
_e2018-4-8
_f2021-11-4
_g4
_lCCODEBUL1
_mBUL
_n1
_p10.50
_q4
_r0
_sY
_tBOOK
_u2017-10-24
_xBIBLIOTECA
_PP33
_0COMPRA
_o.STAFF. Colección Ciencias de la Salud
980 _81
_gALBERTO SANCHEZ Responsable de Automatización